Heavy construction (Record no. 280)

000 -LEADER
fixed length control field 00554nam a2200217 4500
001 - CONTROL NUMBER
control field 280
003 - CONTROL NUMBER IDENTIFIER
control field BD-DhUET
008 - FIXED-LENGTH DATA ELEMENTS--GENERAL INFORMATION
fixed length control field 140719b xxu||||| |||| 00| 0 eng d
020 ## - INTERNATIONAL STANDARD BOOK NUMBER
International Standard Book Number 041554906
040 ## - CATALOGING SOURCE
Transcribing agency 0
Modifying agency BD-DhUET
082 ## - DEWEY DECIMAL CLASSIFICATION NUMBER
Classification number 624.02802
Item number SIN/2009
100 ## - MAIN ENTRY--PERSONAL NAME
Personal name Singh, Jagman
245 ## - TITLE STATEMENT
Title Heavy construction
Remainder of title planning, equipment and methods
250 ## - EDITION STATEMENT
Edition statement 3rd ed.
260 ## - PUBLICATION, DISTRIBUTION, ETC. (IMPRINT)
Place of publication, distribution, etc. Boca Raton
Name of publisher, distributor, etc. CRC Press
Date of publication, distribution, etc. 2009
300 ## - PHYSICAL DESCRIPTION
Extent xxxvi, 860p.
500 ## - GENERAL NOTE
General note Volume- II
504 ## - BIBLIOGRAPHY, ETC. NOTE
Bibliography, etc Includes bibliographies
650 #0 - SUBJECT ADDED ENTRY--TOPICAL TERM
Topical term or geographic name as entry element Construction equipment
942 ## - ADDED ENTRY ELEMENTS (KOHA)
Koha item type General Book
Holdings
Date acquired Shelving location Sublocation or collection (holding branch) Withdrawn status Koha full call number Koha normalized classification for sorting Koha issues (times borrowed) Koha item type Price effective from Piece designation (barcode) Not for loan Damaged status Lost status Copy number Source of classification or shelving scheme Koha date last seen Location (home branch) Koha date last borrowed
2014-07-19Circulation sectionCentral Library, BUET 624.02802/SIN/2009624_028020000000000_SIN_20092General Book2014-07-19111002   1 2016-10-08Central Library, BUET2015-02-10
2014-07-19Acquisition sectionCentral Library, BUET 624.02802/SIN/2009624_028020000000000_SIN_2009 General Book2014-07-19111000   2 2014-07-19Central Library, BUET 
2015-06-28Reading sectionCentral Library, BUET 624.02802/SIN/2009624_028020000000000_SIN_2009 Reading Item2015-06-28111003   3 2015-06-28Central Library, BUET